NASCAR Cup Champions - Statistics

General Stats
  • This quiz has been taken 21 times
  • The average score is 64 of 73
Answer Stats
Year Manufacturer Champion % Correct
2020 Chevrolet Chase Elliott
100%
1980 Chevrolet/Oldsmobile Dale Earnhardt
100%
1986 Chevrolet Dale Earnhardt
100%
1987 Chevrolet Dale Earnhardt
100%
1990 Chevrolet Dale Earnhardt
100%
1991 Chevrolet Dale Earnhardt
100%
1993 Chevrolet Dale Earnhardt
100%
1994 Chevrolet Dale Earnhardt
100%
1995 Chevrolet Jeff Gordon
100%
1997 Chevrolet Jeff Gordon
100%
1998 Chevrolet Jeff Gordon
100%
2001 Chevrolet Jeff Gordon
100%
2004 Ford Kurt Busch
100%
2015 Toyota Kyle Busch
100%
2019 Toyota Kyle Busch
100%
2021 Chevrolet Kyle Larson
100%
1954 Chrysler/Dodge/Oldsmobile Lee Petty
100%
1958 Oldsmobile Lee Petty
100%
1959 Oldsmobile Plymouth Lee Petty
100%
2017 Toyota Martin Truex Jr.
100%
1964 Plymouth Richard Petty
100%
1967 Plymouth Richard Petty
100%
1971 Plymouth Richard Petty
100%
1972 Dodge/Plymouth Richard Petty
100%
1974 Dodge Richard Petty
100%
1975 Dodge Richard Petty
100%
1979 Chevrolet/Oldsmobile Richard Petty
100%
2002 Pontiac Tony Stewart
100%
2005 Chevrolet Tony Stewart
100%
2011 Chevrolet Tony Stewart
100%
1976 Chevrolet Cale Yarborough
92%
1977 Chevrolet Cale Yarborough
92%
1978 Oldsmobile Cale Yarborough
92%
2006 Chevrolet Jimmie Johnson
92%
2007 Chevrolet Jimmie Johnson
92%
2008 Chevrolet Jimmie Johnson
92%
2009 Chevrolet Jimmie Johnson
92%
2010 Chevrolet Jimmie Johnson
92%
2013 Chevrolet Jimmie Johnson
92%
2016 Chevrolet Jimmie Johnson
92%
2018 Ford Joey Logano
92%
2014 Chevrolet Kevin Harvick
92%
1992 Ford Alan Kulwicki
85%
1983 Chevrolet/Buick Bobby Allison
85%
2012 Dodge Brad Keselowski
85%
1999 Ford Dale Jarrett
85%
2003 Ford Matt Kenseth
85%
1961 Ford/Chevrolet Ned Jarrett
85%
1965 Ford Ned Jarrett
85%
1989 Pontiac Rusty Wallace
85%
2000 Pontiac Bobby Labonte
77%
1981 Chevrolet/Buick Darrell Waltrip
77%
1982 Buick Darrell Waltrip
77%
1985 Chevrolet Darrell Waltrip
77%
1966 Dodge David Pearson
77%
1968 Ford David Pearson
77%
1969 Ford David Pearson
77%
1949 Oldsmobile Red Byron
77%
1984 Chevrolet Terry Labonte
77%
1996 Chevrolet Terry Labonte
77%
1973 Chevrolet/Mercury Benny Parsons
69%
1988 Ford Bill Elliott
69%
1956 Chrysler/Dodge/Ford Buck Baker
69%
1957 Chevrolet Buck Baker
69%
1960 Chevrolet/Ford Rex White
69%
1950 Oldsmobile Bill Rexford
62%
1970 Dodge Bobby Isaac
62%
1951 Plymouth/Hudson/Oldsmobile Herb Thomas
62%
1953 Hudson Herb Thomas
62%
1952 Hudson Tim Flock
62%
1955 Chrysler/Chevrolet Tim Flock
62%
1962 Pontiac/Ford Joe Weatherly
54%
1963 Mercury/Pontiac/Chrysler/Plymouth/Dodge Joe Weatherly
54%
No matching quizzes found
Score Distribution
Percent of People with Each Score
Percentile by Number Answered
Your Score History
You have not taken this quiz